弘兼宪史上班族基本数字力 (Record no. 63294)

000 -LEADER
fixed length control field 00527nam a22001937a 4500
003 - CONTROL NUMBER IDENTIFIER
control field MPLRDC
005 - DATE AND TIME OF LATEST TRANSACTION
control field 20220104185346.0
008 - FIXED-LENGTH DATA ELEMENTS--GENERAL INFORMATION
fixed length control field 210129b ||||| |||| 00| 0 eng d
020 ## - INTERNATIONAL STANDARD BOOK NUMBER
International Standard Book Number 986-6285-76-9
082 ## - DEWEY DECIMAL CLASSIFICATION NUMBER
Classification number 494.7 HJXS
100 ## - MAIN ENTRY--PERSONAL NAME
Personal name 弘兼宪史、前田信弘
245 ## - TITLE STATEMENT
Title 弘兼宪史上班族基本数字力
Statement of responsibility, etc. 王美智、江裕真译
250 ## - EDITION STATEMENT
Edition statement 初版
260 ## - PUBLICATION, DISTRIBUTION, ETC.
Place of publication, distribution, etc. 台湾
Name of publisher, distributor, etc. 商周出版
Date of publication, distribution, etc. 2010
300 ## - PHYSICAL DESCRIPTION
Other physical details
490 ## - SERIES STATEMENT
Series statement 新商业周刊丛书. 335
650 ## - SUBJECT ADDED ENTRY--TOPICAL TERM
Topical term or geographic name entry element 财务管理
942 ## - ADDED ENTRY ELEMENTS (KOHA)
Koha item type Book
-- 494.7 HJXS
Holdings
Withdrawn status Lost status Source of classification or shelving scheme Damaged status Not for loan Collection code Home library Current library Shelving location Date acquired Cost, normal purchase price Total Checkouts Full call number Barcode Date last seen Date last checked out Price effective from Koha item type Public note
            Malaysian Public Library, Research and Development Centre Malaysian Public Library, Research and Development Centre   17/06/2010 31.40   494.7 HJXS 00057509 18/03/2021 09/03/2014 18/03/2021 Book mplrdc

© 2022. Malaysian Public Library, Research and Development Centre. All Right ReservedE-mailmplrdc@help.edu.my 

Powered by Koha